| 000 | 00686nam a2200241Ia 4500 | ||
|---|---|---|---|
| 008 | 160803s9999 xx 000 0 und d | ||
| 020 | _a0 43905509 | ||
| 100 | _aMacLachlan, Patricia. | ||
| 245 | _aAll the places to love / | ||
| 245 | _cby Patricia MacLachlan ; paintings by Mike Wimmer. | ||
| 260 | _aNew York : | ||
| 260 | _bScholastic Inc. | ||
| 260 | _c1994 | ||
| 300 | _a28 unnumbered pages : | ||
| 300 | _bcolor illustrations ; | ||
| 300 | _c28 cm | ||
| 500 | _aOriginally published: New York : HarperCollins Children's Publishers, c1994. | ||
| 650 | _aCountry life -- | ||
| 650 | _aFarms -- | ||
| 650 | _xFiction. | ||
| 650 | _xFiction. | ||
| 700 | _a920 | ||
| 999 |
_c299295 _d299295 |
||